00616nam a2200169Ia 4500008004000000020001800040082001900058100002100077245007200098260003400170300001000204650001700214690002500231906001100256999001900267952016000286210210b2000 xxu||||| |||| 00| 0 eng d a81 7446 199 x a658.31124 VIEI aVIEIRA (Walter). aInterviews, key to ensure corporate success and satisfying careers. aNew Delhi.bExcel Booksc2000 ax,186 aInterviews  aPersonnel Management a057268 c104835d104835 001040708ManagementaALbALcManagementd2021-02-17eSita Book House, Mangalore.g125.00l0o658.31124 VIEIp057268r2021-02-17 00:00:00w2021-02-17yBK